Polskie rejestracje samochodowe – nagła śmierć - Statystyki

Ogólne statystyki
  • Ten quiz został rozwiązany 230 razy
    228 od ostatniego zresetowania
  • Średni wynik to 4 z 27
Answers on the Grid
Answers color-coded by a green-red scale on the quiz's grid according to % correct below.
WZY
ONA
SS
ABC
AI
HCD
HPR
UG
UZ
GDY
FSD
BBI
PSZ
XD
TLW
YST
KNO
NEB
FGO
ZZ
HPH
VB
JMI
JJA
YCZ
IJZ
CIN
YTP
KZY
CAT
KOT
WK
OB
ERA
ED
QS
KK
FZA
PG
ZWL
TKA
LBL
DBL
JKR
 
Statystyki odpowiedzi
Odpowiedź % Poprawnych
Kraków KK
36%
powiat inowrocławski CIN
32%
powiat rawski ERA
31%
powiat namysłowski ONA
31%
powiat bielski (podlaskie) BBI
30%
powiat biłgorajski LBL
27%
powiat żyrardowski WZY
24%
powiat żarski FZA
23%
powiat kazimierski TKA
23%
powiat bolesławiecki DBL
22%
powiat elbląski NEB
21%
powiat szamotulski PSZ
21%
Warszawa Ursus WK
21%
Gdańsk XD
21%
powiat brzeski OB
15%
powiat strzelecko-drezdenecki FSD
13%
powiat włoszczowski TLW
13%
Komenda Wojewódzka Policji z siedzibą w Radomiu HPH
7%
wojskowe pojazdy specjalne na podwoziu ciężarowym lub ciężarowo-terenowym UG
7%
Szczecin ZZ
7%
Łódź ED
6%
Warszawa śródmieście AI
3%
Jastrzębie-Zdrój IJZ
2%
Izba Administracji Skarbowej w Rzeszowie HCD
1%
powiat miechowski JMI
1%
Wałbrzych VB
1%
powiat stalowowolski YST
1%
Nie znaleziono quizów pasujących do podanych kryteriów
Rozkład punktacji
Procent ludzi z każdym wynikiem
Percentyl według liczby udzielonych odpowiedzi
Twoja historia wyników
Nie rozwiązałeś tego quizu od ostatniego zresetowania